Matemáticas financieras. / (Registro nro. 29066)

Detalles MARC
000 -LÍDER
fixed length control field 00622nam a22002177a 4500
003 - IDENTIFICADOR DEL NÚMERO DE CONTROL
control field ITZ
005 - FECHA Y HORA DE LA ULTIMA TRANSACCIÓN
Campo de control 20230622130041.0
008 - ELEMENTOS DE LONGITUD FIJA -- INFORMACIÓN GENERAL
fixed length control field 230622b |||||||| |||| 00| 0 spa d
020 ## - NÚMERO INTERNACIONAL NORMALIZADO PARA LIBROS
ISBN 978-607-15-0943-7
035 ## - Número de ficha (Janium)
Número de ficha (Janium) 17440
041 ## - CÓDIGO DE IDIOMA
Código de idioma para texto/pista de sonido o título separado spa
050 ## - SIGNATURA TOPOGRAFICA DE LA BIBLIOTECA DEL CONGRESO (LC)
Número de Clasificación HF5693
Cutter D452 2013
082 ## - NUMERO DE CLASIFICACION DECIMAL DEWEY
Número de Clasificación 513.93
Cutter D378m 2013
100 1# - ASIENTO PRINCIPAL--NOMBRE PERSONAL
Nombre personal Alfredo Diaz, Mata
245 ## - TÍTULO
Título Matemáticas financieras. /
Mención de responsabilidad, etc. Alfredo Diaz Mata, Víctor Manuel Aguilera Gómez
250 ## - MENCIÓN DE EDICIÓN
Mención de edición 5
260 ## - PUBLICACIÓN, DISTRIBUCIÓN, ETC. (PIE DE IMPRENTA)
Lugar de publicación, distribución, etc. México:
Nombre del editor, distribuidor, etc. Mc Graw Hill,
Fecha de publicación, distribución, etc. 2013.
300 ## - DESCRIPCIÓN FÍSICA
Extensión XI, 435P. /
Dimensiones 27 cm.
650 ## - ASIENTO SECUNDARIO DE MATERIA - TERMINO TEMÁTICO
Término temático o nombre geográfico como elemento de entrada 1. MATEMATICAS FINANCIERAS. / 2. MATEMATICAS DE NEGOCIOS
942 ## - TIPO DE MATERIAL (KOHA)
Koha item type Libros
Existencias
No. biblioteca No. biblioteca Número de clasificación Código de barras/Número de adquisición Número de copia Tipo de material Otras carreras
ÁREA DE BÁSICAS ÁREA DE BÁSICAS 513.93 D378m 2013 53981 1 Libros LUIS G. INCLAN
Calzada Tecnológico # 27, Zacatepec, Morelos.
01(734) 343-07-23 / 343-21-10 / 343-21-11
Apdo. Postal 45 C.P 62780